00769nam a22001817a 4500003000500000005001700005008004100022020001900063082001500082100008900097245020100186260003500387300002400422563001400446942001200460999001900472952009600491NUST20260217144053.0260217b ||||| |||| 00| 0 eng d a978-3030804602 a363.3bFAT aFatimazahra Barramou, El Hassan El Brirchi, Khalifa Mansouri, Youness Dehbi.9133302 a Read sample Geospatial Intelligence: Applications and Future Trends /bAdvances in Science, Technology & Innovation /cFatimazahra Barramou, El Hassan El Brirchi, Khalifa Mansouri, Youness Dehbi. aSwitzerland:bSpringer,c2022. ax, 180 p ;c34.3 cm aHardcover 2ddccBK c616277d616277 00102ddc4070aIGISbIGISd2026-02-17l0o363.3 FATpIGIS-156r2026-02-17w2026-02-17yBK